The Future of Advertising (Record no. 2214)

MARC details
000 -LEADER
fixed length control field 00378nam a22001697a 4500
005 - DATE AND TIME OF LATEST TRANSACTION
control field 20160531104503.0
008 - FIXED-LENGTH DATA ELEMENTS--GENERAL INFORMATION
fixed length control field 160531b xxu||||| |||| 00| 0 eng d
020 ## - INTERNATIONAL STANDARD BOOK NUMBER
ISBN 0-07-059838-X
041 ## - LANGUAGE CODE
Language code of text/sound track or separate title eng
082 ## - DEWEY DECIMAL CLASSIFICATION NUMBER
Item number 6255
100 ## - MAIN ENTRY--AUTHOR NAME
Personal name Cappo, Joe
245 ## - TITLE STATEMENT
Title The Future of Advertising
260 ## - PUBLICATION, DISTRIBUTION, ETC. (IMPRINT)
Name of publisher TMH
Year of publication 2004
300 ## - PHYSICAL DESCRIPTION
Number of Pages 246
650 ## - SUBJECT ADDED ENTRY--TOPICAL TERM
Topical Term Management
942 ## - ADDED ENTRY ELEMENTS (KOHA)
Koha item type Books
Holdings
Lost status Damaged status Collection code Home library Current library Shelving location Date acquired Cost, normal purchase price Full call number Accession Number Koha item type
    MANAGEMENT JRU Library JRU Library SHELF-73-D 31/05/2016 295.00 659.1 6255 Books
    MANAGEMENT JRU Library JRU Library SHELF-73-D 31/05/2016 295.00 659.1 6256 Books
    MANAGEMENT JRU Library JRU Library SHELF-73-D 31/05/2016 295.00 659.1 6257 Books
    MANAGEMENT JRU Library JRU Library SHELF-73-D 31/05/2016 295.00 659.1 6258 Books
    MANAGEMENT JRU Library JRU Library SHELF-73-D 31/05/2016 295.00 659.1 6259 Books